000
00280nam a2200121Ia 4500
008
241002s9999 xx 000 0 und d
082
_a
304.5 VAN
100
_a
Vance, Packard
245
4
_a
The Naked Society
260
_a
London:
_c
1970
600
_a
Social Sciences
942
_c
UC
999
_c
18359
_d
18359